| 000 | 00433 a2200169 4500 | ||
|---|---|---|---|
| 001 | 73854 | ||
| 020 | _a8506015480 | ||
| 040 | _cAnchieta - Colégio São Paulo | ||
| 100 | _aMiddleton, Haydn | ||
| 240 | 1 | 0 |
_aO Cotidiano Europeu no Século XVI _lpor |
| 245 | 1 | 0 | _aO Cotidiano Europeu no Século XVI |
| 300 | _a61 | ||
| 362 | 0 | _a0 | |
| 440 | 1 | _aMelhoramentos | |
| 650 | 4 | _aHistória geral da Europa - Europa Ocidetal | |
| 942 | _cBK | ||
| 999 |
_c73854 _d73854 |
||